Indonesian Soccer Squad By Club - Statistics

General Stats
  • This quiz has been taken 82 times
  • The average score is 18 of 32
Answer Stats
Club Answer % Correct
FC Dallas Maarten Paes
92%
Johor Darul Tazim Jordi Amat
82%
Persija Rizky Ridho
74%
Venezia Jay Idzes
72%
Wolverhampton Justin Hubner
72%
Borneo Nadeo Argawinata
72%
Oxford United Marselino Ferdinan
71%
NEC Njimegen Calvin Verdonk
69%
Almere City Thom Haye
69%
Malut United Yakob Sayuri
69%
Suwon FC Pratama Arhan
68%
Port FC Asnawi Mangkualam
65%
Persebaya Ernando Ari
65%
FC Twente Mees Hilgers
65%
Brisbane Roar Rafael Struick
65%
Dewa United Egy Maulana
62%
FC Utrecht Ivar Jenner
60%
Swansea City Nathan Tjoe-A-On
60%
Malut United Yance Sayuri
60%
KV Mechelen Sandy Walsh
58%
PEC Zwolle Eliano Reijnders
57%
Kas Eupen Shayne Pattynama
55%
FCV Dender Ragnar Oratmangoen
54%
PSS Sleman Hokky Caraka
48%
Dewa United Ricky Kambuaya
46%
Persija Witan Sulaeman
42%
Persis Solo Ramadan Sananta
35%
Persebaya Malik Risaldi
23%
Persis Solo Muhammad Riyandi
23%
Malut United Wahyu Prasetyo
23%
Persib Dimas Drajad
15%
Persija M. Ferarri
6%
No matching quizzes found
Score Distribution
Percent of People with Each Score
Percentile by Number Answered
Your Score History
You have not taken this quiz